000 00718nam a2200253Ia 4500
003 OSt
005 20221005090047.0
006 a|||||r|||| 00| 0
007 ta
008 221004b |||||||| |||| 00| 0 eng d
024 _a28047
037 _cTextual
040 _aCRL
_cCRL
_beng
041 _2eng
_aeng
082 _aD650t6:(P111:4k), M4
100 _aJay Frank Ed.
_9394282
245 0 _aIEEE Standard dictionary of electrical and electronics terms
250 _a3rd
260 _aNew York
_bInstitute of Electrical and Electronics
_c1984
300 _a1173p
_ccm.
650 _aENGINEERING
942 _hD650t6:(P111:4k), M4
_cTEXL
_2cc
999 _c995198
_d995198